| 000 | 00730nam a22001937a 4500 | ||
|---|---|---|---|
| 003 | OSt | ||
| 005 | 20220210110455.0 | ||
| 008 | 200519b xxu||||| |||| 00| 0 eng d | ||
| 020 | _a9988785488 | ||
| 040 | _cLC | ||
| 050 | _aPE1112.W74 | ||
| 100 | _aWiredu, John F. | ||
| 245 | _aOrganised English structure. / | ||
| 260 |
_aAccra: _bAcademic Publications (Ghana) ltd, _c1999. |
||
| 300 |
_aviii, 214 p. : _bill. |
||
| 505 | _aContents: Introduction -- The sentence -- The clause -- The phrase -- Elements of a clause -- The Morpheme -- Word formation -- Passive formation -- Tag questions -- Reported speech -- Dangling participial clause | ||
| 650 | _vEnglish language -- Grammar -- Problems, exercises, | ||
| 942 |
_2lcc _cBK |
||
| 999 |
_c7271 _d14771 |
||